Quiz sur Jean Marie Le Pen le GOAT - Statistiques

Statistiques générales
  • Ce quiz a été pris 384 fois
  • Le résultat moyen est 7 sur 15
Statistiques - réponses
Hint Réponse % Correct
... Au s'cours !!!!! Jeanne
86%
J' vais t'faire courir moi le ... tu vas voir là-bas! Hein!?? P***! Ah ça m'rajeunit Rouquin
85%
J'ai acheté une maison de campagne pour permettre à mes enfants qui habitaient le quinzième de voir des vaches au lieu de voir des ... Arabes
79%
Mr Le Pen est ce que demain vous irez à l'enterrement de Maurice Papon ? Et ta ... elle y va elle? Soeur
75%
Même mort, l ennemi a le droit au respect (en parlant de ... aide c est un ancien président français qui aimait beaucoup les pommes) Chirac
55%
Les ... c'est comme le sel dans la soupe, si y en a pas du tout c'est un peu fade, si y en a trop c'est imbuvable Homosexuels
55%
J'ai été mis en cause par le pédophile, le pédophile Cohn Bendit ! [Inaudible] J ai le droit de défendre mon honneur ! Vous ne me laissez pas la parole! On se croirait chez les ... ici ! Bolcheviks
46%
Merci Mr Durafour ... pour cet aveu Crématoire
41%
Êtes vous pour ou contre l'immigration M. Le Pen ? Dans un certain sens oui ! Si c'est ... bien sûr! Léonard de Vinci
41%
Je n'dis pas que les chambres à gaz n'ont jamais existées, mais c'est un ... de l'histoire de la seconde guerre mondiale Point de détail
38%
Décidément, au ... on a de la vigueur dans la braguette Parti Socialiste
34%
Vous êtes un matamore, vous êtes un tartarin, un bluffeur, vous êtes un pitre monsieur! Bernard Tapie
28%
Il court le guilledou comme un vulgaire ... & A-t-il participé à une relation se**elle? Fut elle volontaire? Parce que tout de même si le rapport a trouvé du sp*** dans les cheveux de Mme Dialo, c'n'est pas venu comme ça c est pas du shampooing, n'est ce-pas, le shampooing ... ! Dominique Strauss-Kahn
27%
Et Monsieur ... aussi ! Ah écoutez on fera une fournée la prochaine fois Patrick Bruel
24%
Ce n'est pas moi qui fait honte au parlement européen, c'est lui, puisque, Monsieur ... "Con-Bandi" puisque nous sommes en France, on le prononce à la française, eh bien lui a dans un livre a tout de même reconnu qu il s était laissé toucher le sexe par de jeunes enfants etc. Ce qui s appelle chez nous de la pédophilie. Daniel Cohn-Bendit
21%
Aucun quiz correspondant
Distribution des résultats
% des personnes avec chaque résultat
Percentile par nombre de réponses
Votre historique - résultats
Vous n’avez pas pris ce quiz